Statistics for Roller coasters by picture

Click here to take the quiz!

General Stats

  • This quiz has been taken 105 times
  • The average score is 9 of 12

Answer Stats

Answer% Correct
Kingda Ka
99%
Steel Vengeance
95%
X2
94%
Expedition Everest
92%
Formula Rossa
92%
Taron
80%
DC Rivals HyperCoaster
75%
El Loco
65%
Do-Dodonpa
62%
The Swarm
60%
Abyssus
54%
Oblivion: The Black Hole
48%

Score Distribution

Percentile by Number Answered

Percent of People with Each Score

Your Score History

You have not taken this quiz